Nombre premier, jusqu'où irez-vous ? - Statistiques

Statistiques générales
  • Ce quiz a été pris 96 fois
  • Le résultat moyen est 17 sur 100
Statistiques - réponses
Réponse % Correct
5
100%
7
100%
2
99%
3
99%
11
97%
13
97%
17
97%
19
95%
23
89%
29
88%
31
87%
37
82%
41
75%
43
74%
47
70%
53
63%
61
53%
59
51%
67
45%
71
39%
73
34%
79
24%
83
17%
101
12%
89
12%
103
9%
97
9%
107
8%
113
5%
127
3%
137
3%
131
1%
139
1%
149
1%
229
1%
337
1%
151
0%
157
0%
163
0%
167
0%
173
0%
179
0%
181
0%
191
0%
193
0%
197
0%
199
0%
211
0%
223
0%
227
0%
233
0%
239
0%
241
0%
251
0%
257
0%
263
0%
269
0%
271
0%
277
0%
281
0%
283
0%
293
0%
307
0%
311
0%
313
0%
317
0%
331
0%
347
0%
349
0%
353
0%
359
0%
367
0%
373
0%
379
0%
383
0%
389
0%
397
0%
401
0%
409
0%
419
0%
421
0%
431
0%
433
0%
439
0%
443
0%
449
0%
457
0%
461
0%
463
0%
467
0%
479
0%
487
0%
491
0%
499
0%
503
0%
509
0%
521
0%
523
0%
541
0%
547
0%
Aucun quiz correspondant
Distribution des résultats
% des personnes avec chaque résultat
Percentile par nombre de réponses
Votre historique - résultats
Vous n’avez pas pris ce quiz